|
|
|
|
| LEADER |
00998cam a2200229 7i4500 |
| 001 |
0000031781 |
| 005 |
20141013090000.0 |
| 090 |
0 |
0 |
|a M 620.0092025
|b ASS
|
| 110 |
2 |
0 |
|a Association of Consulting Engineers Malaysia (ACEM)
|
| 245 |
1 |
0 |
|a Association of Consulting Engineers Malaysia (ACEM) directory 2014.
|
| 250 |
0 |
0 |
|a 33rd ed.
|
| 260 |
0 |
0 |
|a Kuala Lumpur:
|b ACEM,
|c 2014.
|
| 300 |
# |
# |
|a 324 p.
|
| 650 |
0 |
0 |
|a Engineering --
|x Societies,etc --
|x Directories --
|z Malaysia
|
| 650 |
0 |
0 |
|a Consulting engineering --
|x Directories --
|z Malaysia
|
| 651 |
0 |
0 |
|a Malaysia
|
| 999 |
|
|
|a JHR000400H
|b Directories
|c Services
|e MATRADE Southern Regional Office
|
| 999 |
|
|
|a 0000035046
|b Directories
|c Malaysia
|e Business Information Centre
|
| 999 |
|
|
|a PNG001110H
|b Directories
|c Services
|e MATRADE Northern Regional Office
|
| 999 |
|
|
|a SBH001077H
|b Directories
|c Malaysia
|e MATRADE Sabah
|
| 999 |
|
|
|a SRW000504H
|b Directories
|c Services
|e MATRADE Sarawak
|
| 999 |
|
|
|a TRG000388H
|b Directories
|c Services
|e MATRADE Eastern Regional Office
|